000 00425cam a2200181ua 4500
020 _c2.75
041 _aeng
_h
082 _a823.308
_bTUR/ON
100 _aTurgenev, Ivan.
245 _aOn the eve /
_cIvan Turgenev.
_hTextual Documents
250 _a1 /
_b.
260 _aMoscow :
_bForeign Language Publishing House.
300 _a179 ; .
365 _a2.75
504 _a
942 _cBK
999 _c7606
_d7606